Creciendo con la hierba
Na minha lista:
| Autor principal: | |
|---|---|
| Formato: | Livro |
| Idioma: | Undetermined |
| Publicado em: |
San Salvador, El Salvador
Ministerio de Cultura
1957
|
| Assuntos: | |
| Tags: |
Adicionar Tag
Sem tags, seja o primeiro a adicionar uma tag!
|
MARC
| LEADER | 00000nam a2200000Ia 4500 | ||
|---|---|---|---|
| 008 | 170316s9999 xx 000 0 und d | ||
| 040 | |a cru BVZT | ||
| 090 | |a 860 S-36c | ||
| 100 | |a Suárez, Clementina | ||
| 245 | |a Creciendo con la hierba | ||
| 260 | |a San Salvador, El Salvador | ||
| 260 | |b Ministerio de Cultura | ||
| 260 | |c 1957 | ||
| 300 | |a [s.páginas] | ||
| 650 | |a LITERATURA LATINOAMERICANA | ||
| 999 | |c 9250 |d 9250 | ||
| 942 | |c 15 D |h 860 S-36c |2 z | ||
